Межфазные превращения на границе раздела металл - полимерный гель; Перспективы развития фундаментальных наук

Библиографические подробности
Источник:Перспективы развития фундаментальных наук.— 2012.— [С. 391-393]
Главный автор: Камчатная О. В. Оксана Валерьевна
Автор-организация: Национальный исследовательский Томский государственный университет (ТГУ)
Другие авторы: Тайыбов А. Ф. Азер Фейзуллах оглы (научный руководитель), Лямина Г. А. Галина Владимировна
Примечания:Заглавие с экрана
It was synthesized polymer gels based on methacrylic copolymers, organic solvents and ionogenic salts. Influence of composition and polymer gel nature on its properties: electroconductivity, structural and thermoanalytical characteristics was studied. The processes occurring on a metal – polymer gel interface were investigated by a voltammetrical method.
Язык:русский
Опубликовано: 2012
Серии:Химия
Предметы:
Online-ссылка:http://www.lib.tpu.ru/fulltext/c/2012/C21/129.pdf
Формат: MixedMaterials Электронный ресурс Статья
Запись в KOHA:https://koha.lib.tpu.ru/cgi-bin/koha/opac-detail.pl?biblionumber=238096

MARC

LEADER 00000nla2a2200000 4500
001 238096
005 20240205095539.0
035 |a (RuTPU)RU\TPU\book\259278 
035 |a RU\TPU\book\259274 
090 |a 238096 
100 |a 20130521d2012 k y0rusy50 ca 
101 0 |a rus 
102 |a RU 
105 |a y z 101zy 
135 |a drcn ---uucaa 
200 1 |a Межфазные превращения на границе раздела металл - полимерный гель  |f О. В. Камчатная, А. Ф. Тайыбов  |g науч. рук. Г. А. Лямина  |d Phase boundary transformations on a metal - polymer gel interface 
215 |a 1 файл(1011 Кб) 
225 1 |a Химия 
300 |a Заглавие с экрана 
320 |a [Библиогр.: с. 393 (2 назв.)] 
330 |a It was synthesized polymer gels based on methacrylic copolymers, organic solvents and ionogenic salts. Influence of composition and polymer gel nature on its properties: electroconductivity, structural and thermoanalytical characteristics was studied. The processes occurring on a metal – polymer gel interface were investigated by a voltammetrical method. 
463 1 |0 (RuTPU)RU\TPU\book\256864  |t Перспективы развития фундаментальных наук  |l Prospects of fundamental sciences development  |o сборник научных трудов IX Международной конференция студентов и молодых ученых, г. Томск, 24-27 апреля 2012 г.  |f Национальный исследовательский Томский политехнический университет (ТПУ) ; ред. коллегия Е. А. Вайтулевич ; Г. А. Лямина ; Г. А. Воронова ; М. П. Никитич ; А. М. Лидер ; Ю. Р. Цой ; М. Е. Семенов  |v [С. 391-393]  |d 2012 
510 1 |a Phase boundary transformations on a metal - polymer gel interface  |z eng 
610 1 |a электронный ресурс 
610 1 |a труды учёных ТПУ 
610 1 |a межфазные реакции 
610 1 |a превращения 
610 1 |a металл-диэлектрик 
610 1 |a металл 
610 1 |a полимеры 
700 1 |a Камчатная  |b О. В.  |c специалист в области материаловедения  |c доцент Томского политехнического университета, кандидат химических наук  |f 1984-  |g Оксана Валерьевна  |3 (RuTPU)RU\TPU\pers\46875  |9 22497 
701 1 |a Тайыбов  |b А. Ф.  |g Азер Фейзуллах оглы 
702 1 |a Лямина  |b Г. А.  |c российский химик  |c доцент Томского политехнического университета, кандидат химических наук  |f 1974-  |g Галина Владимировна  |4 727 
712 0 2 |a Национальный исследовательский Томский государственный университет (ТГУ)  |c (2009- )  |3 (RuTPU)RU\TPU\col\17230 
801 1 |a RU  |b 63413507  |c 20101016 
801 2 |a RU  |b 63413507  |c 20210528  |g RCR 
856 4 |u http://www.lib.tpu.ru/fulltext/c/2012/C21/129.pdf 
942 |c CF